| 000 | 00856nam a22002177a 4500 | ||
|---|---|---|---|
| 008 | 160806s1997 es||||| |||| 00| 0 spa d | ||
| 082 | 0 | 4 |
_a708 _bD542j |
| 100 |
_aDíaz, Julia. _95387 |
||
| 245 | 1 | 0 |
_aJulia Díaz : _bexposición retrospectiva / _cJulia Díaz ; Sala Nacional de Exposiciones. |
| 250 | _a1a ed. | ||
| 260 |
_aEl Salvador : _bCONCULTURA ; Fundación Julia Díaz, _c1997. |
||
| 300 |
_a26 p. _bil.col. |
||
| 500 | _aCatálogo publicado con motivo a la exhibición "Julia Díaz: exposición retrospectiva", presentada en la Sala Nacional de Exposiciones, del 22 de octubre al 16 de noviembre de 1997. | ||
| 653 | 1 | 0 | _aArte contemporáneo |
| 653 | 1 | 0 | _aPintura |
| 653 | 1 | 0 | _aCatálogo de exhibición |
| 653 | 1 | 0 | _aExhibiciones |
| 653 | 1 | 0 | _aPintores |
| 653 | 1 | 0 | _aArtistas centroamericanos |
| 710 | 1 |
_aSala Nacional de Exposiciones. _95388 |
|
| 999 |
_c1005 _d1005 |
||